| 000 | 01155nam a2200301 i 4500 | ||
|---|---|---|---|
| 001 | 109896 | ||
| 003 | ES-MaACL | ||
| 005 | 20251019063051.0 | ||
| 007 | t| | ||
| 008 | 061121s1985 sp r ||||1| spa d | ||
| 020 | _a84-7090-151-6 | ||
| 100 | 1 |
_aObermaier, Hugo, _d1877-1946 _986395 |
|
| 245 | 1 | 3 |
_aEl hombre fósil / _cHugo Obermaier ; prolégomenos, apéndices y editor coordinador José M. Gómez Tabanera [et. al.]. |
| 250 | _aEd. fasc. por José M. Gómez Tabanera. | ||
| 260 |
_aMadrid : _bIstmo, _c1985. |
||
| 300 |
_aXVII, 469 p., 35 lám. : _bil. ; _c22 cm. |
||
| 490 | 1 |
_acolegio universitario : textos redivisos ; _v3 |
|
| 500 | _aReprod. facs. de la ed. de: Madrid : Museo Nacional de Ciencias Naturales, 1925. | ||
| 650 | 0 | 7 |
_aHombre prehistórico _2embne _913455 |
| 655 | 7 |
_2tgfbne _9226495 _aFacsímiles |
|
| 700 | 0 |
_aGómez-Tabanera, José Manuel, _d1926-2011 _958165 |
|
| 710 | 2 |
_aMuseo Nacional de Ciencias Naturales (España) _95897 |
|
| 830 | 0 |
_acolegio universitario : textos redivisos ; _v3 _9226684 |
|
| 852 |
_aES-MaACL _jL-10075 |
||
| 852 |
_aES-MaACL _jL-9833 |
||
| 942 | _2udc | ||
| 999 |
_c109896 _d109896 |
||